01274nam a2200253 a 4500001001000000005001700010008004100027041000800068044000800076084002000084100004500104245009100149260003300240300005000273500016200323500026400485500001000749546002400759650005200783650005600835650003400891650004500925740005000970BRCA_327620190320204212.0130309s1847----enka---###---#000-0#eng-# aeng aenk a577b.B64c18471 aCervantes Saavedra, Miguel ded1547-161610aDon Quixote de la ManchacTranslated from the Spanish of Miguel de Cervantes Saavedra. aLondresbHenry G. Bohnc1847 a1 v. en 2 partes (xviii, 507 p.)bil.c25 cm. aContenido : v.1. Primera parte. Advertencia del editor. Breve biografía de Cervantes. Prólogo del autor. Segunda parte. Dedicatoria y prólogo del autor aReimpresión de la edición publicada en Londres, por Charles Daly, en 1842, adornada con las mismas láminas y, como aquélla, está arreglada conforme a la traducción de Smirke. Lomos y planos decorados con motivos quijotiles dorados Lúdovik Osterc aQM456 aTexto en : inglés14aNovela españolayÉpoca clásica, 1500-170014aLiteratura españolayÉpoca clásica, 1500-170014aNovela españolaySiglo XVII14aDon Quijote (Personaje ficticio)eNovela0 aEl Ingenioso Hidalgo Don Quijote de la Mancha